00502nam a2200193 a 4500001001300000003000900013005001700022008004100039020002300080082001600103100002900119245001900148260002500167300000900192500003500201505001400236650002900250700002900279nice12345678IN_TiNIC20260116015045.0050524s1999 dela grp 000 0 eng  a8172140 c10000a232.1bBAN2 aBanerjee, Brojendra Nath aJesus My Faith aDelhi bISPCK c1999 a322p aincludes index and biblioraphy2 aAppendice aJesus Christ-Messiahship1 aBanerjee, Brojendra Nath